|
|
|
|
| LEADER |
00000nam0a2200000 4500 |
| 001 |
267414 |
| 005 |
20231101234059.0 |
| 035 |
|
|
|a (RuTPU)RU\TPU\book\290471
|
| 090 |
|
|
|a 267414
|
| 100 |
|
|
|a 20140729d1986 k y0rusy5003 ca
|
| 101 |
0 |
|
|a rus
|
| 102 |
|
|
|a UA
|
| 105 |
|
|
|a y z 001zy
|
| 200 |
1 |
|
|a Проблемы развития материально-технической базы строительства
|e сборник научных трудов
|f Научно-исследовательский институт строительного производства Госстроя УССР ; под ред. Е. И. Заблоцкого
|
| 210 |
|
|
|a Киев
|c Изд-во НИИСП
|d 1986
|
| 215 |
|
|
|a 147 с.
|
| 333 |
|
|
|a Исключено из фонда НТБ ТПУ
|
| 702 |
|
1 |
|a Заблоцкий
|b Е. И.
|g Евгений Иосифович
|4 340
|
| 712 |
0 |
2 |
|a Научно-исследовательский институт строительного производства Госстроя УССР
|9 25798
|
| 801 |
|
0 |
|a RU
|b RuMRKP
|c 19960705
|g psbo
|
| 801 |
|
1 |
|a RU
|b 63413507
|c 20140729
|
| 801 |
|
2 |
|a RU
|b 63413507
|c 20220303
|g RCR
|
| 942 |
|
|
|c BK
|